| 000 | 00498nam a2200169 4500 | ||
|---|---|---|---|
| 003 | SEACOMEC | ||
| 005 | 20240517132714.0 | ||
| 008 | 240517b |||||||| |||| 00| 0 eng d | ||
| 020 |
_a 9788125931218 _cRs.110.00 |
||
| 040 | _aSEACOMEC | ||
| 082 |
_a428.1 _bS774 |
||
| 100 | _a Sreevalsan, M C | ||
| 245 | 1 |
_aSpoken English : Hands on guide to English conversation practice _cM C Sreevalsan |
|
| 260 |
_aNew Delhi _b Vikas Publishing _c2006 |
||
| 650 | _a English language variations | ||
| 942 | _cBOOK | ||
| 999 |
_c1142 _d1142 |
||